000 00467cam a22001457a 4500
008 180718b2011 xxu||||| |||| 00| 0 eng d
020 _a9789814332163
082 _aT19x51 Si96
100 _aSewai, Cheng
245 _aEconomic reforms and development in China: selected works of Cheng Siwei, vol.1
_cby Cheng Sewai
260 _aSingapore
_bEnrich Professional
_c2011
300 _a390p.
650 _aEconomic reforms -China
650 _aEconomic development -China
999 _c442391
_d442391